=LDR 00000nam 2200000 4500 =001 INLIS000000000014291 =005 20130612105552 =008 ***********************************Ind** =035 ##$$0010-061300000014291 =041 ##$$a Ind =082 ##$$a 351.04 =090 ##$$a 351.04, Adi e =100 ##$$a Adisubrata, Winarna Surya =245 ##$$a Etika pemerintahan, Winarna Surya Adisubrata =260 ##$$a 2002 $b Yogyakarta =300 ##$$a xii, 68 hlm, Ilus, 19,5 cm =650 ##$$a Pemerintahan etika =850 ##$$a NBPNMAT